[Event "XXVI Ogolnopolska Olimpiada Mlodziezy"]
[Site "Pulawy"]
[Date "2020.10.08"]
[Round "5.13"]
[White "Jaros, Emilia"]
[Black "Dallemura, Julia"]
[Result "0-1"]
[WhiteElo "1295"]
[BlackElo "1133"]
[PlyCount "152"]
[EventDate "2020.10.04"]
[EventType "swiss"]
[Tiebreak "Sum of Buchholz+Median1 Buchholz+Sonneborn-Berger (Swiss)"]

1. e4 e5 2. Nf3 Nc6 3. Bc4 Bc5 4. c3 Nf6 5. d3 a6 6. Bb3 d6 7. O-O h6 8. Nbd2
O-O 9. Re1 Ba7 10. Nf1 Be6 11. Ng3 Ne7 12. h3 Ng6 13. d4 Qe8 14. Bxe6 Qxe6 15.
d5 Qd7 16. Nf5 Ne7 17. Nxh6+ gxh6 18. Bxh6 Rfb8 19. Qd2 Nh7 20. Ng5 Ng6 21. Kh2
Qe7 22. Rf1 Nxg5 23. Qxg5 Qxg5 24. Bxg5 Kg7 25. f4 f6 26. f5 fxg5 27. fxg6 Kxg6
28. Rf5 Rf8 29. Raf1 Rxf5 30. Rxf5 Be3 31. Kg3 b5 32. Kg4 Bc1 33. b3 Rh8 34. g3
a5 35. Rf2 a4 36. b4 Rc8 37. Rc2 Be3 38. c4 bxc4 39. Rxc4 Bb6 40. Rc3 Bd4 41.
Rc2 a3 42. Rc4 Bb6 43. Rc3 Ra8 44. Rb3 Bd4 45. b5 Bc5 46. h4 gxh4 47. gxh4 Ra4
48. h5+ Kh6 49. Kf5 Rd4 50. Rg3 Rd2 51. Rg8 Kh7 52. Rc8 Bb6 53. Ra8 Rxa2 54.
Ke6 Ra1 55. Kd7 a2 56. Ke6 Kh6 57. Ra6 Kxh5 58. Ra4 Kg4 59. Ra6 Kf3 60. Ra4 Ke2
61. Kd7 Kd2 62. Ke6 Kc2 63. Kd7 Kb3 64. Rxa2 Rxa2 65. Ke6 Re2 66. Kf5 Kb4 67.
Kf6 Rxe4 68. Kf5 Rf4+ 69. Kg5 Rf1 70. Kg4 e4 71. Kg5 e3 72. Kg6 e2 73. Kg5 e1=Q
74. Kg4 Qe4+ 75. Kh5 Qg2 76. Kh4 Rh1# 0-1

[Event "XXVI Ogolnopolska Olimpiada Mlodziezy"]
[Site "Pulawy"]
[Date "2020.10.08"]
[Round "5.13"]
[White "Karp, Kacper"]
[Black "Duda, Leon"]
[Result "1-0"]
[WhiteElo "1562"]
[BlackElo "1388"]
[PlyCount "85"]
[EventDate "2020.10.04"]
[EventType "swiss"]
[Tiebreak "Sum of Buchholz+Median1 Buchholz+Sonneborn-Berger (Swiss)"]

1. e4 c5 2. Nf3 d6 3. d4 cxd4 4. Qxd4 Nc6 5. Bb5 Bd7 6. Bxc6 Bxc6 7. c4 Nf6 8.
Nc3 g6 9. O-O Bg7 10. Qe3 O-O 11. Rb1 Ng4 12. Qd3 Ne5 13. Nxe5 Bxe5 14. Bh6 Bg7
15. Bxg7 Kxg7 16. Kh1 Qd7 17. Rfd1 Rfd8 18. Qe3 Qe6 19. b3 b6 20. Rd3 Rd7 21.
Rbd1 Rad8 22. f3 f5 23. Qf2 Qf6 24. exf5 gxf5 25. Nd5 Bxd5 26. Rxd5 e5 27. Qd2
Kg6 28. b4 Rc7 29. c5 bxc5 30. bxc5 Rc6 31. cxd6 Rd7 32. h3 f4 33. Qd3+ Kg7 34.
Qa3 Kh6 35. Qb4 Qg6 36. Rxe5 Rcxd6 37. Qxf4+ Kg7 38. Rxd6 Qxd6 39. Qg4+ Kf8 40.
Qf5+ Kg7 41. Qg5+ Kf8 42. Rf5+ Rf7 43. Rd5 1-0

[Event "XXVI Ogolnopolska Olimpiada Mlodziezy"]
[Site "Pulawy"]
[Date "2020.10.08"]
[Round "5.13"]
[White "Paszkowski, Krystian"]
[Black "Herwy, Jakub"]
[Result "1/2-1/2"]
[WhiteElo "1889"]
[BlackElo "1754"]
[PlyCount "61"]
[EventDate "2020.10.04"]
[EventType "swiss"]
[Tiebreak "Sum of Buchholz+Median1 Buchholz+Sonneborn-Berger (Swiss)"]

1. d4 Nf6 2. Nf3 c5 3. d5 e6 4. c4 b5 5. dxe6 fxe6 6. cxb5 d5 7. Bg5 Nbd7 8. e3
Bd6 9. Nc3 O-O 10. Be2 Bb7 11. O-O Qc7 12. Bh4 Rae8 13. Bg3 e5 14. Qb3 Kh8 15.
Rfd1 d4 16. b6 Qxb6 17. exd4 exd4 18. Qxb6 axb6 19. Bxd6 dxc3 20. Bb5 cxb2 21.
Rab1 Rg8 22. Rxb2 Rc8 23. Bg3 Bc6 24. Bc4 Rgf8 25. Ng5 h6 26. Nf7+ Kh7 27. Nd6
Rb8 28. h3 Nh5 29. Bh2 Nf4 30. f3 Ne5 31. Bf1 1/2-1/2

[Event "XXVI Ogolnopolska Olimpiada Mlodziezy"]
[Site "Pulawy"]
[Date "2020.10.08"]
[Round "5.13"]
[White "Wiecek, Karolina"]
[Black "Pastuszko, Katarzyna"]
[Result "0-1"]
[WhiteElo "1438"]
[BlackElo "1251"]
[PlyCount "86"]
[EventDate "2020.10.04"]
[EventType "swiss"]
[Tiebreak "Sum of Buchholz+Median1 Buchholz+Sonneborn-Berger (Swiss)"]

1. d4 d5 2. c4 c6 3. e3 a6 4. Nf3 Nf6 5. Nc3 Bg4 6. Bd3 e6 7. O-O Bd6 8. Re1
O-O 9. e4 e5 10. dxe5 Bxe5 11. exd5 Bxc3 12. bxc3 cxd5 13. cxd5 Qxd5 14. Re3
Nc6 15. Bb2 b5 16. c4 bxc4 17. Bxf6 cxd3 18. Rxd3 Bxf3 19. gxf3 Qf5 20. Bh4 Ne5
21. Re3 Rfc8 22. Bg3 Ng6 23. Re4 h6 24. Qe2 Rc3 25. Kg2 Rd8 26. Re1 Rdd3 27.
Re3 Rxe3 28. fxe3 Rc2 29. Qf2 Rxf2+ 30. Kxf2 Qc2+ 31. Re2 Qc5 32. f4 a5 33. Kf3
a4 34. e4 Qc3+ 35. Re3 Qb2 36. Re2 a3 37. Be1 Nxf4 38. Rd2 Qf6 39. Ke3 Ne6 40.
Bg3 Qc3+ 41. Rd3 Qb2 42. Rd2 Nc5 43. Bd6 Nxe4 0-1

[Event "XXVI Ogolnopolska Olimpiada Mlodziezy"]
[Site "Pulawy"]
[Date "2020.10.08"]
[Round "5.14"]
[White "Grzadka, Artur"]
[Black "Wiatrowski, Zbigniew"]
[Result "0-1"]
[WhiteElo "1723"]
[BlackElo "1849"]
[PlyCount "110"]
[EventDate "2020.10.04"]
[EventType "swiss"]
[Tiebreak "Sum of Buchholz+Median1 Buchholz+Sonneborn-Berger (Swiss)"]

1. d4 Nf6 2. c4 e6 3. Nf3 Bb4+ 4. Bd2 Qe7 5. Qc2 Bxd2+ 6. Nbxd2 d6 7. g3 O-O 8.
Bg2 e5 9. e4 Bg4 10. O-O c5 11. d5 g6 12. h3 Bc8 13. Nh2 Nh5 14. Qd1 Ng7 15.
Qe2 f5 16. Rae1 Nd7 17. Qd1 Nf6 18. f4 Ngh5 19. Qb3 fxe4 20. Nxe4 Nxe4 21. Rxe4
Nf6 22. Re3 Nd7 23. Nf3 Qg7 24. fxe5 dxe5 25. Rfe1 h5 26. Nxe5 Nxe5 27. Rxe5
Bf5 28. d6 Rad8 29. Qxb7 Qxb7 30. Bxb7 Rxd6 31. Bd5+ Kg7 32. Kg2 Ra6 33. a3 Rb6
34. R1e2 Rb3 35. Re7+ Kh6 36. Rxa7 Bd3 37. Rd2 Bf1+ 38. Kh2 h4 39. gxh4 Rxh3+
40. Kg1 Rg3+ 41. Kh1 Rf4 42. Rf7 Rxh4+ 43. Rh2 Rgh3 44. Rxh3 Bxh3 45. Kh2 Kg5
46. Kg3 Bf5 47. Rc7 Rh3+ 48. Kg2 Rb3 49. Rb7 Rd3 50. Rb5 Kf4 51. a4 Rd2+ 52.
Kf1 Bd3+ 53. Ke1 Ke3 54. Rb3 Re2+ 55. Kd1 Rf2 0-1

[Event "XXVI Ogolnopolska Olimpiada Mlodziezy"]
[Site "Pulawy"]
[Date "2020.10.08"]
[Round "5.14"]
[White "Musin, Pawel"]
[Black "Nagly, Wojciech"]
[Result "1/2-1/2"]
[WhiteElo "1372"]
[BlackElo "1545"]
[PlyCount "67"]
[EventDate "2020.10.04"]
[EventType "swiss"]
[Tiebreak "Sum of Buchholz+Median1 Buchholz+Sonneborn-Berger (Swiss)"]

1. d4 c5 2. d5 e5 3. e4 d6 4. Nc3 Be7 5. Nf3 a6 6. a4 Bg4 7. g3 Bxf3 8. Qxf3
Bg5 9. Bxg5 Qxg5 10. h4 Qf6 11. Qg4 Nd7 12. Bh3 Rd8 13. Nd1 Nh6 14. Qe2 O-O 15.
Ra3 Qe7 16. Ne3 Nb6 17. a5 Nc8 18. Qh5 Na7 19. c4 Rb8 20. Rb3 Qc7 21. Rb6 Nc8
22. Bxc8 Rbxc8 23. g4 Kh8 24. g5 Ng8 25. Qg4 f6 26. g6 Nh6 27. Qh5 hxg6 28.
Qxg6 Rcd8 29. Nf5 Nxf5 30. Qxf5 Qd7 31. Qh5+ Kg8 32. Qg6 Qf7 33. Qf5 Qd7 34.
Qg6 1/2-1/2

[Event "XXVI Ogolnopolska Olimpiada Mlodziezy"]
[Site "Pulawy"]
[Date "2020.10.08"]
[Round "5.14"]
[White "Wesolowska, Liliana"]
[Black "Sliwicka, Weronika"]
[Result "0-1"]
[WhiteElo "1033"]
[BlackElo "1272"]
[PlyCount "108"]
[EventDate "2020.10.04"]
[EventType "swiss"]
[Tiebreak "Sum of Buchholz+Median1 Buchholz+Sonneborn-Berger (Swiss)"]

1. e4 c5 2. Bc4 e6 3. Nc3 a6 4. a4 Nc6 5. Nf3 Nf6 6. d3 d6 7. Bg5 Be7 8. O-O
O-O 9. Qd2 Nd4 10. Nxd4 cxd4 11. Ne2 Qb6 12. Bb3 Qc5 13. Rac1 Nxe4 14. dxe4
Bxg5 15. f4 d3+ 16. Rf2 Bf6 17. cxd3 Qb6 18. Qc2 Bd7 19. Rb1 Qe3 20. Kf1 Rac8
21. Nc3 Bd4 22. Nd1 Rxc2 23. Nxe3 Rxf2+ 24. Kxf2 Rc8 25. Ke2 Kf8 26. Nc2 Ba7
27. Na3 Ke7 28. Nc4 Rc5 29. g4 b5 30. axb5 axb5 31. Ne3 Rc7 32. f5 Kf6 33. h4
Ke5 34. Kf3 b4 35. Nc2 h6 36. Rd1 Bd4 37. Nxd4 Kxd4 38. fxe6 Bxe6 39. Bxe6 fxe6
40. Rd2 b3 41. Kf2 Rc2 42. Ke2 Rc6 43. h5 Kc5 44. d4+ Kb4 45. Kd3 Rc1 46. Ke3
Kc4 47. d5 e5 48. Rf2 Rc2 49. Rxc2+ bxc2 50. Kd2 Kd4 51. Kxc2 Kxe4 52. b4 Kxd5
53. Kd3 Kc6 54. Ke2 Kd5 0-1

[Event "XXVI Ogolnopolska Olimpiada Mlodziezy"]
[Site "Pulawy"]
[Date "2020.10.08"]
[Round "5.14"]
[White "Zalewska, Malgorzata"]
[Black "Dallemura, Anna"]
[Result "0-1"]
[WhiteElo "1201"]
[BlackElo "1420"]
[PlyCount "84"]
[EventDate "2020.10.04"]
[EventType "swiss"]
[Tiebreak "Sum of Buchholz+Median1 Buchholz+Sonneborn-Berger (Swiss)"]

1. e4 e5 2. Nf3 Nc6 3. d4 exd4 4. Bc4 Bc5 5. O-O Nf6 6. e5 d5 7. exf6 dxc4 8.
Re1+ Be6 9. Ng5 Qd5 10. Nc3 Qf5 11. Nce4 O-O-O 12. g4 Qe5 13. f4 d3+ 14. Nxc5
Qxc5+ 15. Be3 Qf8 16. f5 dxc2 17. Qxc2 Bd5 18. Qc3 gxf6 19. Qxf6 h6 20. Nh3 Qg8
21. Nf2 Rd6 22. Qc3 Qh7 23. Bf4 Rdd8 24. Rad1 Rhg8 25. Qg3 f6 26. Ne4 Bxe4 27.
Rxd8+ Kxd8 28. Rxe4 h5 29. h3 h4 30. Qg2 Kc8 31. Rxc4 Qf7 32. Qc2 Qd5 33. b4 a6
34. a4 Rd8 35. Kf2 Re8 36. Be3 Qd6 37. Bf4 Ne5 38. Rc3 Nxg4+ 39. Kf3 Ne5+ 40.
Kg2 Qd5+ 41. Kf2 Re7 42. Rc5 Qf3+ 0-1

[Event "XXVI Ogolnopolska Olimpiada Mlodziezy"]
[Site "Pulawy"]
[Date "2020.10.08"]
[Round "5.15"]
[White "Duda, Szymon"]
[Black "Glaz, Michal"]
[Result "1/2-1/2"]
[WhiteElo "1529"]
[BlackElo "1180"]
[PlyCount "65"]
[EventDate "2020.10.04"]
[EventType "swiss"]
[Tiebreak "Sum of Buchholz+Median1 Buchholz+Sonneborn-Berger (Swiss)"]

1. Nf3 c5 2. g3 b6 3. Bg2 Bb7 4. O-O Nf6 5. b3 g6 6. Bb2 Bg7 7. c4 O-O 8. Nc3
d6 9. e3 Nbd7 10. d4 Qc7 11. d5 Rfe8 12. Qc2 Rad8 13. Rfe1 Nf8 14. Rad1 e6 15.
e4 e5 16. Nd2 Bc8 17. Rf1 Bg4 18. Rde1 Qc8 19. Nd1 Bh3 20. Ne3 Bxg2 21. Kxg2
N8d7 22. Qd1 a6 23. Ng4 Nxg4 24. Qxg4 Nf6 25. Qxc8 Rxc8 26. Re2 Bh6 27. Rfe1
Ra8 28. f4 Bg7 29. fxe5 Ng4 30. Nf3 Nxe5 31. Bxe5 Bxe5 32. Nxe5 Rxe5 33. Kf3
1/2-1/2

[Event "XXVI Ogolnopolska Olimpiada Mlodziezy"]
[Site "Pulawy"]
[Date "2020.10.08"]
[Round "5.15"]
[White "Myrmus, Mateusz"]
[Black "Wydmanski, Szymon"]
[Result "0-1"]
[WhiteElo "1826"]
[BlackElo "1598"]
[PlyCount "63"]
[EventDate "2020.10.04"]
[EventType "swiss"]
[Tiebreak "Sum of Buchholz+Median1 Buchholz+Sonneborn-Berger (Swiss)"]

1. e4 c5 2. c3 e5 3. Nf3 Nc6 4. d4 cxd4 5. cxd4 exd4 6. Nxd4 Nf6 7. f3 Bc5 8.
Be3 Qb6 9. Nb5 Bxe3 10. Nd6+ Kf8 11. Nc4 Qb4+ 12. Nc3 Bd4 13. Rc1 d5 14. exd5
Nxd5 15. a3 Qe7+ 16. Ne2 Nb6 17. b4 Bf6 18. Kf2 g6 19. Nd6 Kg7 20. Ne4 Bf5 21.
Nxf6 Qxf6 22. g4 Bxg4 23. Qb3 Be6 24. Qb1 Nd4 25. Qe4 Nxe2 26. Bxe2 Bd5 27. Qg4
h5 28. Qg3 Qd4+ 29. Kg2 h4 30. Qc7 h3+ 31. Kf1 Rac8 32. Qc3 0-1

[Event "XXVI Ogolnopolska Olimpiada Mlodziezy"]
[Site "Pulawy"]
[Date "2020.10.08"]
[Round "5.15"]
[White "Romejko, Jagoda"]
[Black "Staniewicz, Adrianna"]
[Result "1-0"]
[WhiteElo "1257"]
[BlackElo "1382"]
[PlyCount "73"]
[EventDate "2020.10.04"]
[EventType "swiss"]
[Tiebreak "Sum of Buchholz+Median1 Buchholz+Sonneborn-Berger (Swiss)"]

1. e4 c5 2. Nf3 e6 3. d4 cxd4 4. Nxd4 a6 5. c4 Nf6 6. Nc3 Qc7 7. Bd3 b6 8. O-O
Bb7 9. Be3 d6 10. f4 Nbd7 11. b3 Be7 12. Qf3 Nc5 13. Bc2 Nfxe4 14. Nxe4 f5 15.
Nxd6+ Qxd6 16. Qe2 Bf6 17. Rad1 Qe7 18. b4 Ne4 19. Bxe4 Bxe4 20. a3 O-O 21. Nb3
Qc7 22. Nd2 Bc6 23. Nf3 Rfe8 24. Rfe1 Rab8 25. c5 bxc5 26. Bxc5 Bb5 27. Qe3 Qc8
28. Nd4 Bd7 29. Bd6 Rb7 30. Rc1 Qa8 31. Rc2 Bd8 32. Rce2 Rb6 33. Bc5 Rb8 34.
Nxf5 exf5 35. Qb3+ Be6 36. Rxe6 Bb6 37. Rxe8# 1-0

[Event "XXVI Ogolnopolska Olimpiada Mlodziezy"]
[Site "Pulawy"]
[Date "2020.10.08"]
[Round "5.16"]
[White "Kusiak, Mateusz"]
[Black "Maslanka, Wojciech"]
[Result "1/2-1/2"]
[WhiteElo "1578"]
[BlackElo "1824"]
[PlyCount "115"]
[EventDate "2020.10.04"]
[EventType "swiss"]
[Tiebreak "Sum of Buchholz+Median1 Buchholz+Sonneborn-Berger (Swiss)"]

1. e4 c6 2. d4 d5 3. Nd2 dxe4 4. Nxe4 Bf5 5. Qf3 Bxe4 6. Qxe4 Nf6 7. Qd3 Qb6 8.
Nf3 Nbd7 9. g3 h6 10. Bg2 O-O-O 11. O-O g6 12. a4 e5 13. a5 Qc7 14. Qc3 Nd5 15.
Qd3 Bg7 16. c4 N5f6 17. dxe5 Nxe5 18. Bh3+ Kb8 19. Qe2 Nxf3+ 20. Qxf3 g5 21. a6
b6 22. Bg2 Nd7 23. Qxc6 Qxc6 24. Bxc6 Ne5 25. Bd5 Nd3 26. f4 Nxc1 27. Raxc1
Bxb2 28. Rce1 Rd7 29. fxg5 hxg5 30. Rxf7 Rxf7 31. Bxf7 Bf6 32. Re6 Bd4+ 33. Kg2
Bc5 34. Rg6 Be7 35. Bd5 Kc7 36. Bg8 Kd7 37. h3 Kc7 38. Be6 Rf8 39. Bg4 Rd8 40.
Rg7 Rd2+ 41. Kf3 Kd6 42. Rg6+ Kc5 43. Bf5 Ra2 44. Rg7 Kd6 45. Bd3 Rd2 46. Be2
Rb2 47. h4 Rb3+ 48. Kg4 gxh4 49. gxh4 Re3 50. Bf3 Rd3 51. h5 Rd4+ 52. Kg3 Rxc4
53. h6 Rc7 54. Rg6+ Kc5 55. Kg4 Bd6 56. Rg7 Be5 57. Rg5 Kd4 58. Rh5 1/2-1/2

[Event "XXVI Ogolnopolska Olimpiada Mlodziezy"]
[Site "Pulawy"]
[Date "2020.10.08"]
[Round "5.16"]
[White "Leks, Emilia"]
[Black "Makarec, Anna"]
[Result "1-0"]
[WhiteElo "1211"]
[BlackElo "1103"]
[PlyCount "120"]
[EventDate "2020.10.04"]
[EventType "swiss"]
[Tiebreak "Sum of Buchholz+Median1 Buchholz+Sonneborn-Berger (Swiss)"]

1. d4 d5 2. c4 e6 3. Nc3 Nf6 4. cxd5 exd5 5. Bg5 Be7 6. e3 O-O 7. Bd3 h6 8. Bh4
a6 9. a4 b6 10. Qc2 Bb7 11. Nge2 Nc6 12. Qb3 Na5 13. Qc2 Nc6 14. O-O Nb4 15.
Qb1 Nxd3 16. Qxd3 Ne4 17. Bxe7 Qxe7 18. Rac1 Rfd8 19. h3 c5 20. Nxe4 dxe4 21.
Qb3 cxd4 22. Nxd4 Qd6 23. Rfd1 Qg6 24. Ne2 Rac8 25. Rxc8 Rxc8 26. Rd7 Bc6 27.
Ra7 Ra8 28. Qxb6 Rxa7 29. Qxa7 Bxa4 30. Nf4 Qf6 31. Qa8+ Kh7 32. Qxe4+ g6 33.
Qxa4 Qxb2 34. Qxa6 Qc1+ 35. Qf1 Qd2 36. Qc4 Qd7 37. Qc2 Kg7 38. Qc3+ Kh7 39.
Qf6 g5 40. Qd4 Qxd4 41. exd4 gxf4 42. Kf1 Kg7 43. Ke2 Kf6 44. Kf3 Kf5 45. d5
Ke5 46. d6 Kxd6 47. Kxf4 Ke6 48. Kg4 Kf6 49. Kh5 Kg7 50. g4 f6 51. f4 Kh7 52.
h4 Kg7 53. g5 hxg5 54. hxg5 Kf7 55. g6+ Kg8 56. Kh6 Kh8 57. f5 Kg8 58. g7 Kf7
59. Kh7 Ke7 60. g8=Q Kd7 1-0

[Event "XXVI Ogolnopolska Olimpiada Mlodziezy"]
[Site "Pulawy"]
[Date "2020.10.08"]
[Round "5.16"]
[White "Niedorys, Karolina"]
[Black "Labedz, Gabriela"]
[Result "1/2-1/2"]
[WhiteElo "1364"]
[BlackElo "1240"]
[PlyCount "65"]
[EventDate "2020.10.04"]
[EventType "swiss"]
[Tiebreak "Sum of Buchholz+Median1 Buchholz+Sonneborn-Berger (Swiss)"]

1. e4 c5 2. Nf3 Nc6 3. d4 cxd4 4. Nxd4 Nf6 5. Nc3 d6 6. Nxc6 bxc6 7. Bc4 e5 8.
f4 Qb6 9. fxe5 Ng4 10. Rf1 Nxe5 11. Bb3 Be7 12. Bf4 O-O 13. Bxe5 dxe5 14. Qh5
Bf6 15. O-O-O Ba6 16. Rf3 Rad8 17. Rxd8 Qxd8 18. Rh3 h6 19. a3 Qd4 20. Qd1 Qf2
21. Qf3 Qg1+ 22. Nd1 Rd8 23. Rg3 Rd7 24. c3 Bg5+ 25. Kb1 Bc4 26. Bxc4 Rxd1+ 27.
Ka2 Ra1+ 28. Kb3 Qb6+ 29. Ka4 Qc7 30. Qf5 c5 31. Rd3 Qc6+ 32. Bb5 Qe6 33. Qxe6
1/2-1/2

[Event "XXVI Ogolnopolska Olimpiada Mlodziezy"]
[Site "Pulawy"]
[Date "2020.10.08"]
[Round "5.16"]
[White "Stanik, Szymon"]
[Black "Rosa, Antoni"]
[Result "1-0"]
[WhiteElo "1201"]
[BlackElo "1419"]
[PlyCount "107"]
[EventDate "2020.10.04"]
[EventType "swiss"]
[Tiebreak "Sum of Buchholz+Median1 Buchholz+Sonneborn-Berger (Swiss)"]

1. e4 e6 2. d4 d5 3. exd5 Qxd5 4. Nf3 Nf6 5. c3 c5 6. Be3 Ng4 7. Bd3 c4 8. Bc2
Bd6 9. Nbd2 f5 10. h3 Nxe3 11. fxe3 Bg3+ 12. Ke2 O-O 13. Qf1 b5 14. e4 Qd6 15.
e5 Qb6 16. Kd1 a5 17. Qe2 Bf4 18. g4 Bxd2 19. Kxd2 b4 20. gxf5 exf5 21. Qxc4+
Be6 22. Qe2 Rc8 23. Qe3 Ra7 24. Ng5 bxc3+ 25. bxc3 Rac7 26. Nxe6 Qxe6 27. Bb3
Rc4 28. Bxc4 Qxc4 29. e6 f4 30. Qf3 Qxe6 31. Qxf4 Qc6 32. Qg3 Qh6+ 33. Qe3 Qc6
34. Rhg1 Re8 35. Qg3 Qh6+ 36. Qg5 Qxg5+ 37. Rxg5 Nc6 38. Rc5 Ne7 39. Rxa5 Ng6
40. Rf1 h6 41. Ra7 Nf8 42. Rg1 g5 43. h4 Ne6 44. hxg5 hxg5 45. d5 Nc7 46. Rxc7
Kh8 47. d6 g4 48. d7 Rf8 49. Rc8 Rd8 50. Rxd8+ Kh7 51. Rh8+ Kg7 52. Rh7+ Kg6
53. d8=Q g3 54. Qg8+ 1-0

[Event "XXVI Ogolnopolska Olimpiada Mlodziezy"]
[Site "Pulawy"]
[Date "2020.10.08"]
[Round "5.17"]
[White "Grzebieniowski, Michal"]
[Black "Bartnik, Michal"]
[Result "1-0"]
[WhiteElo "1588"]
[BlackElo "1278"]
[PlyCount "183"]
[EventDate "2020.10.04"]
[EventType "swiss"]
[Tiebreak "Sum of Buchholz+Median1 Buchholz+Sonneborn-Berger (Swiss)"]

1. d4 d5 2. c4 e5 3. dxe5 d4 4. Nf3 Nc6 5. Nbd2 Be6 6. Nb3 Bxc4 7. Nbxd4 Bb4+
8. Bd2 Nxd4 9. Bxb4 Nxf3+ 10. exf3 Bxf1 11. Qxd8+ Rxd8 12. Rxf1 Ne7 13. Bxe7
Kxe7 14. Ke2 Rd5 15. f4 g5 16. g3 gxf4 17. gxf4 Rd4 18. Ke3 Rhd8 19. b3 Rd3+
20. Ke2 Rd2+ 21. Kf3 R8d4 22. Rfe1 Ke6 23. Rg1 R4d3+ 24. Ke4 Rd4+ 25. Kf3 R4d3+
26. Ke4 Rd4+ 27. Kf3 h6 28. Rg7 R4d3+ 29. Ke4 Rd4+ 30. Kf3 R4d3+ 31. Kg2 Rd4
32. Kg3 R4d3+ 33. f3 Rd8 34. h3 Rf8 35. Rc1 c6 36. a4 Kf5 37. Rb1 Rdd8 38. h4
Rg8 39. Rg4 h5 40. Rg5+ Rxg5+ 41. fxg5 Kxe5 42. Re1+ Kd6 43. Kf4 Kc5 44. Re4 b5
45. b4+ Kd5 46. a5 c5 47. Re5+ Kc4 48. bxc5 b4 49. c6 Rc8 50. Re7 Rxc6 51. Rxa7
b3 52. Rxf7 Kc3 53. Rb7 Rc4+ 54. Kg3 Rb4 55. a6 b2 56. Rxb4 Kxb4 57. a7 b1=Q
58. a8=Q Qe1+ 59. Kf4 Qxh4+ 60. Kf5 Qh3+ 61. Kf6 Qg3 62. Qf8+ Ka5 63. Qa8+ Kb6
64. Qd8+ Kb5 65. Qe8+ Kb6 66. Qxh5 Qd6+ 67. Kf5 Qd7+ 68. Ke4 Qe6+ 69. Kf4 Qd6+
70. Kg4 Qe6+ 71. Kg3 Qe5+ 72. Kh3 Qb5 73. Qg6+ Ka5 74. Kg4 Qc4+ 75. Qe4 Qf1 76.
g6 Qg2+ 77. Kf5 Qh3+ 78. Kf6 Qh8+ 79. g7 Qd8+ 80. Kf5 Qd7+ 81. Kg6 Qd6+ 82. Kh5
Qc5+ 83. Kh6 Qc1+ 84. f4 Qc8 85. Qd5+ Ka4 86. g8=Q Qh3+ 87. Kg5 Qg3+ 88. Kf5
Qh3+ 89. Ke5 Qh5+ 90. Kd6 Qh6+ 91. Kc5 Qf6 92. Qga8+ 1-0

[Event "XXVI Ogolnopolska Olimpiada Mlodziezy"]
[Site "Pulawy"]
[Date "2020.10.08"]
[Round "5.17"]
[White "Para, Aleksandra"]
[Black "Grzesik, Nikola"]
[Result "1/2-1/2"]
[WhiteElo "1191"]
[BlackElo "1340"]
[PlyCount "84"]
[EventDate "2020.10.04"]
[EventType "swiss"]
[Tiebreak "Sum of Buchholz+Median1 Buchholz+Sonneborn-Berger (Swiss)"]

1. e4 c5 2. Nf3 e6 3. d4 cxd4 4. Nxd4 a6 5. Nc3 Qc7 6. Bd3 Nc6 7. Be3 Nf6 8.
O-O Be7 9. Nb3 b5 10. f4 d6 11. Qf3 O-O 12. Qg3 b4 13. Ne2 e5 14. f5 Kh8 15.
Qf3 Rd8 16. Ng3 Bb7 17. Nh5 Rac8 18. Nxf6 Bxf6 19. Qf2 Qe7 20. Bb6 Re8 21. Rad1
h6 22. Kh1 Ra8 23. Bc4 Bh4 24. g3 Bg5 25. Rfe1 a5 26. Bd5 a4 27. Nd2 Na5 28.
Bxb7 Nxb7 29. Nc4 Rec8 30. b3 axb3 31. cxb3 Rc6 32. Be3 Bxe3 33. Nxe3 Nc5 34.
Nd5 Qb7 35. Qd2 Ra7 36. Qxb4 Qxb4 37. Nxb4 Rb6 38. Nd5 Rba6 39. Nb4 Rb6 40. Nd5
Rba6 41. Nb4 Rb6 42. Nd5 Rba6 1/2-1/2

[Event "XXVI Ogolnopolska Olimpiada Mlodziezy"]
[Site "Pulawy"]
[Date "2020.10.08"]
[Round "5.17"]
[White "Wojdak, Jan"]
[Black "Drzewiecki, Milosz"]
[Result "1-0"]
[WhiteElo "1910"]
[BlackElo "1246"]
[PlyCount "77"]
[EventDate "2020.10.04"]
[EventType "swiss"]
[Tiebreak "Sum of Buchholz+Median1 Buchholz+Sonneborn-Berger (Swiss)"]

1. e4 Nc6 2. Nf3 e5 3. c3 Nf6 4. d4 exd4 5. e5 Nd5 6. cxd4 Bb4+ 7. Bd2 Bxd2+ 8.
Nbxd2 O-O 9. Bc4 Nf4 10. g3 Ng6 11. h4 d5 12. Bd3 Bg4 13. Qa4 Re8 14. h5 Nge7
15. Qc2 h6 16. a3 f6 17. O-O-O Nxd4 18. Nxd4 Bxd1 19. Qxd1 fxe5 20. Ne6 Qd7 21.
Qg4 Nc8 22. Qg6 Qxe6 23. Qh7+ Kf8 24. Rh4 Nd6 25. Nf3 e4 26. Rf4+ Nf7 27. Nh4
exd3 28. Ng6+ Qxg6 29. hxg6 Ke7 30. Rxf7+ Kd6 31. Qxg7 Re2 32. Rd7+ Kc6 33.
Rxc7+ Kb5 34. Rxb7+ Ka6 35. Qd7 Rc2+ 36. Kb1 Rc5 37. Rb4 Rac8 38. Qb7+ Ka5 39.
Qxa7# 1-0

[Event "XXVI Ogolnopolska Olimpiada Mlodziezy"]
[Site "Pulawy"]
[Date "2020.10.08"]
[Round "5.18"]
[White "Micula, Jakub"]
[Black "Liskiewicz, Jakub"]
[Result "0-1"]
[WhiteElo "1370"]
[BlackElo "1622"]
[PlyCount "78"]
[EventDate "2020.10.04"]
[EventType "swiss"]
[Tiebreak "Sum of Buchholz+Median1 Buchholz+Sonneborn-Berger (Swiss)"]

1. e4 Nf6 2. e5 Nd5 3. d4 d6 4. c4 Nb6 5. exd6 cxd6 6. Nc3 g6 7. Nf3 Bg7 8. Be2
O-O 9. Be3 Bg4 10. O-O Nc6 11. b3 e5 12. d5 Bxf3 13. Bxf3 Ne7 14. Nb5 Nf5 15.
c5 Nxe3 16. fxe3 dxc5 17. d6 Qd7 18. a4 e4 19. Bxe4 Rae8 20. Bf3 Bxa1 21. Qxa1
Rxe3 22. Rd1 Re6 23. Nc3 Rxd6 24. Re1 Rd3 25. Ne4 Qd4+ 26. Qxd4 cxd4 27. a5 Nd7
28. Nd6 Rxb3 29. Re7 Nf6 30. Bxb7 d3 31. Kf2 d2 32. Ke2 Rd3 33. Kxd3 d1=Q+ 34.
Kc4 Qxd6 35. Re3 Qf4+ 36. Kd3 Rd8+ 37. Ke2 Ng4 38. Rf3 Qd2+ 39. Kf1 Qd1# 0-1

[Event "XXVI Ogolnopolska Olimpiada Mlodziezy"]
[Site "Pulawy"]
[Date "2020.10.08"]
[Round "5.18"]
[White "Nowak, Zuzanna"]
[Black "Mazurek, Maja"]
[Result "1-0"]
[WhiteElo "1292"]
[BlackElo "1220"]
[PlyCount "139"]
[EventDate "2020.10.04"]
[EventType "swiss"]
[Tiebreak "Sum of Buchholz+Median1 Buchholz+Sonneborn-Berger (Swiss)"]

1. e4 c6 2. d4 d5 3. Nc3 e6 4. Bd3 Bb4 5. Nge2 Nf6 6. Bd2 Bxc3 7. Nxc3 dxe4 8.
Nxe4 Nxe4 9. Bxe4 Qxd4 10. Qf3 f5 11. Bd3 Qxb2 12. O-O O-O 13. Qg3 Qf6 14. Rab1
Nd7 15. Rfe1 Nc5 16. Bb4 Nxd3 17. Qxd3 Rd8 18. Qa3 Re8 19. Bc5 a6 20. Qf3 Kh8
21. Qf4 e5 22. Bd4 Rf8 23. Bxe5 Qf7 24. Bd6 Rg8 25. Rb3 Be6 26. Rbe3 Bxa2 27.
Re7 Rae8 28. h3 Rxe7 29. Rxe7 Qd5 30. Be5 Qd1+ 31. Kh2 Qh5 32. Qd4 Qg6 33. Rxb7
Bd5 34. f3 h6 35. Rd7 Kh7 36. Rd6 Qf7 37. Qh4 a5 38. Bf4 Be6 39. Bd2 Qc7 40.
Qg3 Qb7 41. Rxe6 Qd7 42. Rd6 Qb7 43. Bxa5 Qb5 44. Bd2 Qc5 45. Rd7 Kh8 46. Bf4
Qf8 47. Be5 Kh7 48. Rc7 c5 49. Bd6 Qf6 50. Rxc5 h5 51. Qe5 Qxe5+ 52. Bxe5 g6
53. Rc7+ Kh6 54. c4 Kg5 55. c5 f4 56. c6 Kf5 57. Re7 Rc8 58. c7 Kg5 59. Bd6 Kh4
60. Rd7 g5 61. Kh1 Kg3 62. Rd8 Rxc7 63. Bxc7 g4 64. hxg4 hxg4 65. fxg4 Kxg4 66.
Bxf4 Kxf4 67. Rg8 Kf5 68. Kh2 Kf6 69. Kg3 Kf5 70. Kh4 1-0

[Event "XXVI Ogolnopolska Olimpiada Mlodziezy"]
[Site "Pulawy"]
[Date "2020.10.08"]
[Round "5.18"]
[White "Trzebinski, Patryk"]
[Black "Kutowski, Marcel"]
[Result "0-1"]
[WhiteElo "1837"]
[BlackElo "1712"]
[PlyCount "88"]
[EventDate "2020.10.04"]
[EventType "swiss"]
[Tiebreak "Sum of Buchholz+Median1 Buchholz+Sonneborn-Berger (Swiss)"]

1. e4 c6 2. d4 d5 3. exd5 cxd5 4. c4 Nf6 5. Nc3 Nc6 6. Be3 Bf5 7. Nf3 e6 8. c5
Be7 9. Bb5 O-O 10. Nh4 Be4 11. f3 Ng4 12. Bg1 Bxh4+ 13. g3 Bg6 14. fxg4 Bf6 15.
Bf2 e5 16. O-O Nxd4 17. Bxd4 exd4 18. g5 Be5 19. Ne2 Qxg5 20. Nf4 Be4 21. Qb3
Rac8 22. Rac1 Rfd8 23. Qa4 a6 24. Bd7 Rc7 25. c6 Bxf4 26. Rxf4 Rdxd7 27. cxd7
Rxc1+ 28. Kf2 Qd8 29. Qxd4 Qxd7 30. Rxe4 Qf5+ 31. Rf4 Qc2+ 32. Kf3 Rf1+ 33. Kg4
Qg6+ 34. Kh3 Rxf4 35. gxf4 Qe4 36. Qc3 h6 37. Kg3 d4 38. Qc8+ Kh7 39. Qd7 Qe3+
40. Kg4 h5+ 41. Kg5 f6+ 42. Kxh5 Qxf4 43. h4 Qf3+ 44. Qg4 g6# 0-1